| 000 | 00460nam a22001697a 4500 | ||
|---|---|---|---|
| 005 | 20160520111500.0 | ||
| 008 | 160520b xxu||||| |||| 00| 0 eng d | ||
| 020 | _a978-81-224-3147-6 | ||
| 041 | _aeng | ||
| 082 | _b3449 | ||
| 100 |
_aChaturpadhyay D& Rakshir P _9862 |
||
| 245 | _aElectronics fundamenta and application | ||
| 260 |
_aNew Delhi _bNew Age Internation (P) Ltd Pub. _c1996 |
||
| 300 | _a721 | ||
| 650 |
_aDIPLOMA ENGINEERING _9817 |
||
| 942 | _cBK | ||
| 999 |
_c1181 _d1181 |
||